Marvins Room - Drake Lyrics - Statistics

General Stats
  • This quiz has been taken 569 times
  • The average score is 333 of 459
Answer Stats
Hint Lyrics % Correct
I
99%
n****
97%
a
96%
that
95%
That
95%
the
95%
The
95%
in
94%
you
94%
to
92%
and
91%
And
91%
go
91%
say
91%
so
91%
call
90%
I'm
90%
think
90%
we
90%
We
90%
B*tches
89%
b*tches
89%
had
89%
been
88%
C F*ck
88%
f*ck
88%
know
88%
time
88%
V1 Cups
87%
cups
87%
love
87%
my
87%
of
87%
about
86%
bad
86%
no
86%
rose
86%
do
85%
I've
85%
women
85%
good
84%
still
84%
this
84%
times
84%
too
84%
Too
84%
just
83%
on
83%
phone
83%
much
82%
home
81%
long.
81%
old
81%
should
81%
Bet
80%
club
80%
Is
80%
try
80%
up,
80%
up
80%
better
79%
could
79%
guy
79%
happy
79%
sayin'
79%
with
79%
around,
78%
around
78%
found
78%
have
78%
me,
78%
me
78%
me?
78%
not
77%
would
77%
drinkin'
76%
he's
76%
pick
76%
her
74%
woman
74%
anyway
72%
But
71%
but,
71%
All
68%
all
68%
one
68%
Tell
68%
heard
67%
lately?
67%
since
67%
I'll
64%
now?
64%
now,
64%
right
64%
Are
63%
are
63%
it
63%
if
62%
addicted
60%
almost
60%
don't
59%
saying
59%
Talk
59%
here
57%
naked
57%
drunk
56%
oh,
56%
oh
56%
make
55%
pictures
55%
yeah
55%
yeah,
55%
only
54%
I'ma
53%
party,
53%
party
53%
XO
53%
people
52%
hatin'
51%
sittin'
51%
see
50%
start
50%
talkin'
50%
threw
49%
Flight's
48%
flights
48%
friends
48%
'bout
47%
kick
46%
morning
46%
over,
46%
that's
46%
What
46%
came
45%
she
45%
important?
44%
more
44%
need
44%
doin'
42%
leavin'
41%
was
41%
callin'
39%
it's
39%
they
39%
'cause
38%
down
38%
goes
38%
listen
38%
believe
37%
makin'
37%
many
37%
monsters
37%
for
35%
Guess
35%
sh*t
35%
conscious
33%
please,
33%
were
33%
'til
32%
drinks
31%
given
30%
girl,
28%
sex
27%
some
27%
four
26%
V2 Uh,
26%
ashamed
24%
got
24%
week.
24%
explain
22%
hotels,
22%
off
21%
outta
21%
their
21%
them,
21%
livin'
20%
names
19%
picked
19%
won't
19%
Paid
17%
sponser
17%
hard
16%
Havin'
16%
adjustin'
15%
while,
15%
fame
14%
same
14%
After
13%
crazy,
13%
lucky
12%
Lucky
12%
put
12%
someone
12%
seem
11%
stayed
11%
weight
11%
there
10%
mixed
7%
sorry
7%
Sprite
5%
No matching quizzes found
Score Distribution
Percent of People with Each Score
Percentile by Number Answered
Your Score History
You have not taken this quiz